Wszystkie terytoria zależne Francji - Statystyki

Ogólne statystyki
  • Ten quiz został rozwiązany 35 razy
  • Średni wynik to 6 z 13
Statystyki odpowiedzi
Terytorium zależne % Poprawnych
Gujana Francuska
71%
Martynika
71%
Polinezja Francuska
71%
Reunion
64%
Gwadelupa
57%
Nowa Kaledonia
57%
Majotta
43%
Saint-Martin
43%
Saint-Pierre i Miquelon
29%
Wallis i Futuna
29%
Clipperton
14%
Francuskie Terytoria Południowe i Antarktyczne
14%
Saint-Barthelemy
14%
Nie znaleziono quizów pasujących do podanych kryteriów
Rozkład punktacji
Procent ludzi z każdym wynikiem
Percentyl według liczby udzielonych odpowiedzi
Twoja historia wyników
Nie rozwiązałeś tego quizu